ბათუმის შოთა რუსთაველის სახელმწიფო უნივერსიტეტის ბიბლიოთეკა

პირველი სხივი:სტალინის სახ.უნივერსიტეტის სტუდენტთა ლიტერატურული წრის ალმანახი (ბიბ.ჩანაწერი № 50724)

000 -LEADER
fixed length control field 00777nam a2200193Ia 4500
001 - CONTROL NUMBER
control field 17676
003 - CONTROL NUMBER IDENTIFIER
control field GE_BSU
008 - FIXED-LENGTH DATA ELEMENTS--GENERAL INFORMATION
fixed length control field 181216s||||||||xx |||||||||||||| ||und||
040 ## - CATALOGING SOURCE
Transcribing agency GE_BSU
080 ## - UNIVERSAL DECIMAL CLASSIFICATION NUMBER
Universal Decimal Classification number 821.353.1+821.353.1-1+821.353.1-92+821.353.1-09
245 ## - TITLE STATEMENT
Title პირველი სხივი:სტალინის სახ.უნივერსიტეტის სტუდენტთა ლიტერატურული წრის ალმანახი
245 ## - TITLE STATEMENT
Remainder of title წ.3
245 ## - TITLE STATEMENT
Statement of responsibility, etc. სარ.კოლ.:ბ.ჟრენტი და სხვ,;მხატვ.ს.კეცხოველი
260 ## - PUBLICATION, DISTRIBUTION, ETC.
Place of publication, distribution, etc. თბილისი
260 ## - PUBLICATION, DISTRIBUTION, ETC.
Name of publisher, distributor, etc. უნ-ტის გამ-ბა
260 ## - PUBLICATION, DISTRIBUTION, ETC.
Date of publication, distribution, etc. 1952
300 ## - PHYSICAL DESCRIPTION
Extent 350გვ.;24სმ
942 ## - ADDED ENTRY ELEMENTS (KOHA)
Koha item type წიგნი
ეგზემპლარები
Withdrawn status Lost status Damaged status Not for loan Date acquired Barcode Date last seen Price effective from Koha item type
        2018-12-17 22255 2018-12-17 2018-12-17 წიგნი
        2018-12-17 22256 2018-12-17 2018-12-17 წიგნი